| 000 | 00340pam a2200133a 44500 | ||
|---|---|---|---|
| 008 | 230405s2003 xxu||||| |||| 00| 0 eng d | ||
| 041 | _aENG | ||
| 100 | _aAnand, Mulkraj | ||
| 245 | _aUntouchables : B. A. - I | ||
| 260 |
_aKOLHAPUR _bMEHATA BOOK SELLERS _c2003 |
||
| 440 | _aSource = RATANAKAR MIRAJ | ||
| 690 | _aENGLISH | ||
| 906 | _a4434 | ||
| 999 |
_c784658 _d784658 |
||